| 000 | 00523nam a2200169 4500 | ||
|---|---|---|---|
| 003 | SEACOMMC | ||
| 005 | 20250426114119.0 | ||
| 008 | 241203b |||||||| |||| 00| 0 eng d | ||
| 020 |
_a 0-7619-9747-4 _cRs.450.00 |
||
| 040 | _aSEACOMMC | ||
| 082 |
_a368.00954 _bP 154 |
||
| 100 | _a Palande, P.S | ||
| 245 | 1 |
_aInsurance in India changing Policies and Emerging Opportunities _c P.S. Palande, M.L Lunawat|[and] R.S Shah |
|
| 260 |
_a New Delhi _b Response Books _c 2003 |
||
| 650 | _a Insurance Companies-India | ||
| 942 | _cBOOK | ||
| 999 |
_c815 _d815 |
||